[Event "MNE-ch 76th"]
[Site "Podgorica"]
[Date "2024.02.15"]
[Round "11"]
[White "Abramovic, Dragoljub"]
[Black "Petrovic, Slavko"]
[Result "1-0"]
[WhiteElo "2018"]
[BlackElo "1836"]
[PlyCount "81"]
[EventDate "2024.02.06"]
[EventType "swiss"]
[EventRounds "11"]
[EventCountry "MNE"]
[SourceTitle "CB08_2024"]
[SourceDate "2024.02.21"]
[SourceVersion "1"]
[SourceVersionDate "2024.02.21"]
[SourceQuality "1"]

1. d4 d5 2. c4 e6 3. Nf3 c6 4. Qc2 f5 5. Bf4 Nf6 6. e3 Bd6 7. g3 0-0 8. Bd3 Ne4 9. Nc3 Be7 10. Bxb8 Rxb8 11. Ne5 Bd6 12. f3 Bxe5 13. dxe5 Ng5 14. f4 Ne4 15. Bxe4 fxe4 16. 0-0-0 Qa5 17. Kb1 b6 18. a3 Qc5 19. Rd4 a5 20. Rc1 Ba6 21. Ka1 Rfc8 22. Na4 Qe7 23. c5 bxc5 24. Qxc5 Qb7 25. Qxa5 Bc4 26. Rcxc4 dxc4 27. Rxc4 Qb3 28. Qc3 Qd1+ 29. Ka2 Qd5 30. Nc5 Rb5 31. Nxe4 Rcb8 32. b4 c5 33. Nxc5 Rd8 34. Kb3 Rxc5 35. bxc5 Rb8+ 36. Ka2 Rb5 37. e4 Qc6 38. Qd4 Rb8 39. Rb4 Rxb4 40. axb4 Qa6+ 41. Kb3 1-0

[Event "MNE-ch 76th"]
[Site "Podgorica"]
[Date "2024.02.10"]
[Round "5"]
[White "Milovic, Jovan"]
[Black "Abramovic, Dragoljub"]
[Result "1-0"]
[WhiteElo "2266"]
[BlackElo "2018"]
[PlyCount "58"]
[EventDate "2024.02.06"]
[EventType "swiss"]
[EventRounds "11"]
[EventCountry "MNE"]
[SourceTitle "CB08_2024"]
[SourceDate "2024.02.21"]
[SourceVersion "1"]
[SourceVersionDate "2024.02.21"]
[SourceQuality "1"]

1. d4 e6 2. c4 Bb4+ 3. Nc3 Nf6 4. e3 b6 5. Bd3 Bb7 6. Nge2 Bxg2 7. Rg1 Be4 8. Ng3 Bxc3+ 9. bxc3 Bxd3 10. Qxd3 d6 11. e4 Nbd7 12. f4 c6 13. a4 g6 14. Ra2 Ng8 15. f5 e5 16. a5 c5 17. axb6 axb6 18. Rxa8 Qxa8 19. dxe5 Nxe5 20. Qxd6 Nf3+ 21. Kf2 Nxg1 22. Qe5+ Kd7 23. Qxh8 Qa1 24. Qxg8 Qxc1 25. Qxf7+ Kc6 26. Qxh7 gxf5 27. Qxf5 Kb7 28. Nf1 Qxc3 29. Qd5+ Ka6 1-0

[Event "MNE-ch 76th"]
[Site "Podgorica"]
[Date "2024.02.09"]
[Round "4"]
[White "Abramovic, Dragoljub"]
[Black "Milovic, Ilija"]
[Result "1-0"]
[WhiteElo "2018"]
[BlackElo "1877"]
[PlyCount "115"]
[EventDate "2024.02.06"]
[EventType "swiss"]
[EventRounds "11"]
[EventCountry "MNE"]
[SourceTitle "CB08_2024"]
[SourceDate "2024.02.21"]
[SourceVersion "1"]
[SourceVersionDate "2024.02.21"]
[SourceQuality "1"]

1. d4 d5 2. Bf4 Nf6 3. e3 c5 4. Nc3 e6 5. Nf3 a6 6. Be2 Be7 7. 0-0 0-0 8. Ne5 b5 9. Bf3 Bb7 10. Ne2 Nbd7 11. c3 Ne4 12. Nxd7 Qxd7 13. Bxe4 dxe4 14. dxc5 Qxd1 15. Rfxd1 Bxc5 16. Bd6 Bxd6 17. Rxd6 Rfd8 18. Rad1 Bd5 19. Rxd8+ Rxd8 20. h4 Kf8 21. Kh2 Ke7 22. a3 a5 23. Kg3 f5 24. Nd4 Ba8 25. Rc1 Rb8 26. b4 axb4 27. cxb4 Bd5 28. Rc5 Bc4 29. a4 Kf6 30. Nxb5 Bd3 31. f3 exf3 32. gxf3 g6 33. Kf4 h6 34. e4 g5+ 35. hxg5+ hxg5+ 36. Ke3 fxe4 37. fxe4 Bf1 38. e5+ Kg6 39. Kf2 Bd3 40. Kg3 Bf1 41. Kg4 Be2+ 42. Kh3 Bf1+ 43. Kg3 Bd3 44. Kf2 Rb6 45. Ke3 Bf1 46. Ke4 Be2 47. Kd4 Kf5 48. Nd6+ Kf4 49. b5 g4 50. Rc8 g3 51. Rf8+ Kg5 52. Ke3 Bxb5 53. axb5 Kg4 54. Rg8+ Kh3 55. Kf3 Kh2 56. Rxg3 Rb8 57. Rg6 Ra8 58. Rxe6 1-0

[Event "MNE-ch 76th"]
[Site "Podgorica"]
[Date "2024.02.07"]
[Round "2"]
[White "Abramovic, Dragoljub"]
[Black "Mosurovic, Milena"]
[Result "1-0"]
[WhiteElo "2018"]
[BlackElo "1545"]
[PlyCount "99"]
[EventDate "2024.02.06"]
[EventType "swiss"]
[EventRounds "11"]
[EventCountry "MNE"]
[SourceTitle "CB08_2024"]
[SourceDate "2024.02.21"]
[SourceVersion "1"]
[SourceVersionDate "2024.02.21"]
[SourceQuality "1"]

1. d4 d5 2. c4 e6 3. Nc3 Nf6 4. Bg5 Be7 5. e3 Nbd7 6. cxd5 exd5 7. Bd3 c6 8. Qc2 0-0 9. Nge2 Re8 10. 0-0 h6 11. Bh4 Ne4 12. Bxe7 Qxe7 13. Ng3 Ndf6 14. Rae1 Bd7 15. f3 Nxg3 16. hxg3 c5 17. dxc5 Qxc5 18. Qf2 Re7 19. e4 Qxf2+ 20. Kxf2 dxe4 21. Nxe4 Nxe4+ 22. Bxe4 Be6 23. a3 Rd8 24. Rd1 Red7 25. Rxd7 Rxd7 26. Ke3 Re7 27. Kd4 f5 28. Bc2 Kf7 29. Rf2 Kf6 30. Bd3 Rd7+ 31. Kc3 Rc7+ 32. Kd2 Rd7 33. Ke3 Bb3 34. Rd2 g5 35. f4 a6 36. Rf2 Rd5 37. Rf1 Ba4 38. Rh1 Kg6 39. Rc1 Bc6 40. Bxa6 Rd7 41. Bf1 Re7+ 42. Kf2 Re4 43. Bd3 Rd4 44. Ke3 Rd6 45. Rc5 Rf6 46. g4 gxf4+ 47. Kxf4 Bxg2 48. gxf5+ Kg7 49. Ke5 Rb6 50. Rc7+ 1-0

[Event "MNT-ch 75th"]
[Site "Podgorica"]
[Date "2023.02.13"]
[Round "9"]
[White "Abramovic, Dragoljub"]
[Black "Vlatkovic, Milos"]
[Result "0-1"]
[WhiteElo "2025"]
[BlackElo "2278"]
[PlyCount "110"]
[EventDate "2023.02.05"]
[EventType "swiss"]
[EventRounds "9"]
[EventCountry "MNE"]
[SourceTitle "CBM 212 Extra"]
[Source "ChessBase"]
[SourceDate "2023.03.31"]
[SourceVersion "1"]
[SourceVersionDate "2023.03.31"]
[SourceQuality "1"]

1. d4 Nf6 2. Bg5 e6 3. e4 h6 4. Bxf6 Qxf6 5. c3 c5 6. Nf3 cxd4 7. Nxd4 a6 8. Nd2 Bc5 9. N2b3 Ba7 10. Qf3 Qxf3 11. Nxf3 d6 12. e5 dxe5 13. Nxe5 Nd7 14. Nxd7 Bxd7 15. Be2 Bc6 16. Bf3 Bxf3 17. gxf3 Bb6 18. Ke2 Ke7 19. Rhg1 g6 20. Rg4 Bc7 21. h3 a5 22. Rc4 Rhc8 23. a4 Bb6 24. Re4 Bc7 25. Rd1 Rd8 26. Red4 Rxd4 27. Rxd4 Bb6 28. Re4 Bc7 29. Rc4 Bd6 30. Nd4 Rd8 31. b4 axb4 32. cxb4 g5 33. a5 Kd7 34. Nb3 Rc8 35. Kd3 Rg8 36. Nc5+ Bxc5 37. Rxc5 f5 38. Rb5 Kc7 39. Rc5+ Kd6 40. Rb5 Rg7 41. Ke3 h5 42. f4 g4 43. hxg4 hxg4 44. Kd4 Rd7 45. Rc5 Rd8 46. Kc4 Rh8 47. Rb5 Kc7 48. Rb6 Rh2 49. Rxe6 Rxf2 50. b5 Rxf4+ 51. Kc5 g3 52. Re1 g2 53. Rg1 Rf2 54. Kd4 f4 55. Kd3 f3 0-1

[Event "MNT-ch 75th"]
[Site "Podgorica"]
[Date "2023.02.07"]
[Round "3"]
[White "Maras, Marija Mia"]
[Black "Abramovic, Dragoljub"]
[Result "0-1"]
[WhiteElo "1034"]
[BlackElo "2025"]
[PlyCount "80"]
[EventDate "2023.02.05"]
[EventType "swiss"]
[EventRounds "9"]
[EventCountry "MNE"]
[SourceTitle "CBM 212 Extra"]
[Source "ChessBase"]
[SourceDate "2023.03.31"]
[SourceVersion "1"]
[SourceVersionDate "2023.03.31"]
[SourceQuality "1"]

1. d4 e6 2. c4 Bb4+ 3. Bd2 Qe7 4. a3 Bxd2+ 5. Qxd2 Nf6 6. Nc3 d6 7. e3 b6 8. Nf3 Bb7 9. Be2 Nbd7 10. 0-0 0-0 11. Rfe1 Rac8 12. b4 Ne4 13. Qc2 Ndf6 14. Nd2 Nxd2 15. Qxd2 h6 16. f3 g5 17. e4 Kg7 18. e5 Nd7 19. Bd3 f6 20. exd6 cxd6 21. Nd5 Qd8 22. Nc3 f5 23. Re2 Qf6 24. Bc2 Rce8 25. Rae1 e5 26. d5 e4 27. fxe4 f4 28. Rd1 Ne5 29. Bb3 Bc8 30. h3 g4 31. Rf1 gxh3 32. Ref2 hxg2 33. Rxg2+ Kh8 34. Rgf2 Bh3 35. Rxf4 Qg7+ 36. Kh1 Bxf1 37. Rh4 Rf6 38. Qc2 Rg6 39. Qf2 Bg2+ 40. Kh2 Nf3+ 0-1

[Event "MNT-ch 74th"]
[Site "Podgorica"]
[Date "2022.02.27"]
[Round "9"]
[White "Miletic, Vuk"]
[Black "Abramovic, Dragoljub"]
[Result "1-0"]
[WhiteElo "2196"]
[BlackElo "2012"]
[PlyCount "107"]
[EventDate "2022.02.19"]
[EventType "swiss"]
[EventRounds "9"]
[EventCountry "MNE"]
[SourceTitle "EXT 2023"]
[Source "ChessBase"]
[SourceDate "2022.10.05"]
[SourceVersion "1"]
[SourceVersionDate "2022.10.05"]
[SourceQuality "1"]

1. d4 d5 2. c4 c6 3. Nc3 Nf6 4. Nf3 a6 5. e3 Bf5 6. Bd3 Bxd3 7. Qxd3 e6 8. 0-0 Bb4 9. Bd2 Nbd7 10. Nxd5 Bxd2 11. Nxf6+ Qxf6 12. Qxd2 0-0 13. Rfd1 g6 14. e4 e5 15. d5 c5 16. Ne1 Qd6 17. Nd3 a5 18. Rf1 b6 19. Rae1 Rae8 20. g3 Kg7 21. Qc3 f6 22. f3 h5 23. a3 Rc8 24. Re2 Rfe8 25. b3 Re7 26. Rb1 Nb8 27. Reb2 Na6 28. Re1 Rce8 29. Kg2 h4 30. Rbe2 hxg3 31. hxg3 Rh8 32. Rh1 Qd7 33. Ree1 Ree8 34. Nf2 Nc7 35. Ng4 Qf7 36. Qc1 Reg8 37. Rxh8 Rxh8 38. Rh1 Qg8 39. f4 exf4 40. Qxf4 Ne8 41. Rxh8 Qxh8 42. d6 g5 43. Qf5 Qf8 44. d7 Nd6 45. Qxf6+ Qxf6 46. Nxf6 Nb7 47. Nd5 Kf7 48. Nxb6 Ke6 49. Kf3 Ke5 50. Kg4 Kxe4 51. Kxg5 Kd3 52. Kf6 Kc3 53. Ke7 Kxb3 54. a4 1-0

[Event "MNT-ch 74th"]
[Site "Podgorica"]
[Date "2022.02.21"]
[Round "3"]
[White "Abramovic, Dragoljub"]
[Black "Draganic, Veljko"]
[Result "1-0"]
[WhiteElo "2012"]
[BlackElo "2258"]
[PlyCount "177"]
[EventDate "2022.02.19"]
[EventType "swiss"]
[EventRounds "9"]
[EventCountry "MNE"]
[SourceTitle "EXT 2023"]
[Source "ChessBase"]
[SourceDate "2022.10.05"]
[SourceVersion "1"]
[SourceVersionDate "2022.10.05"]
[SourceQuality "1"]

1. d4 g6 2. c4 Bg7 3. Nc3 d6 4. e4 Nd7 5. Nge2 e5 6. Be3 Ne7 7. Qd2 h6 8. Ng3 Nc6 9. d5 Nd4 10. Nb5 Nxb5 11. cxb5 Nf6 12. Be2 Bd7 13. Rc1 b6 14. 0-0 h5 15. Bd3 Ng4 16. Bg5 f6 17. Be3 Rc8 18. Rc3 h4 19. Nh1 h3 20. g3 Nxe3 21. Qxe3 f5 22. Rc2 0-0 23. f3 f4 24. Qe2 fxg3 25. hxg3 Bh6 26. Kh2 Qg5 27. Rc3 Rf7 28. Qc2 Kg7 29. Be2 Kh7 30. Ra3 Ra8 31. Rf2 Qd8 32. Bf1 Qg5 33. Rc3 Rc8 34. Rxc7 Rxc7 35. Qxc7 Qh5 36. Qc3 Bg5 37. Qd3 Qh6 38. Rc2 Be3 39. Be2 Bc5 40. a3 g5 41. Qd2 Qg6 42. g4 Qh6 43. b4 Bd4 44. Rc1 Kg6 45. Rc7 Qh4 46. Rxa7 Rh7 47. Rc7 Bg1+ 48. Kxg1 h2+ 49. Kg2 Qh3+ 50. Kf2 Qh4+ 51. Ke3 Qh3 52. Qe1 Qg2 53. Rc1 Rh3 54. Qf2 Qxg4 55. Kd2 Qf4+ 56. Qe3 Qf8 57. Nf2 Rg3 58. Rh1 Rg2 59. a4 Qh6 60. a5 Qh4 61. a6 Bc8 62. a7 Bb7 63. Ng4 Qg3 64. Nxh2 Qh3 65. Ra1 Qc8 66. Rg1 Rxg1 67. Qxg1 Qc7 68. Qa1 Ba8 69. Qc3 Qxa7 70. Ke3 Qf7 71. Kf2 Bb7 72. Qe3 Qc7 73. Kg3 Bc8 74. Bf1 Qh7 75. Kg2 Qc7 76. Kg1 Bd7 77. Qd2 Kf6 78. Bd3 Kg6 79. Nf1 Qd8 80. Ne3 Qf6 81. Nf5 Bxf5 82. exf5+ Kh6 83. Qh2+ Kg7 84. Be4 Qd8 85. Qh5 Qc7 86. Qxg5+ Kf8 87. Kg2 Qc3 88. f6 Qd2+ 89. Qxd2 1-0

[Event "MNT-ch 74th"]
[Site "Podgorica"]
[Date "2022.02.19"]
[Round "1"]
[White "Abramovic, Dragoljub"]
[Black "Draskovic, Luka"]
[Result "0-1"]
[WhiteElo "2012"]
[BlackElo "2464"]
[PlyCount "84"]
[EventDate "2022.02.19"]
[EventType "swiss"]
[EventRounds "9"]
[EventCountry "MNE"]
[SourceTitle "EXT 2023"]
[Source "ChessBase"]
[SourceDate "2022.10.05"]
[SourceVersion "1"]
[SourceVersionDate "2022.10.05"]
[SourceQuality "1"]

1. d4 d6 2. c4 e5 3. dxe5 dxe5 4. Qxd8+ Kxd8 5. Nc3 Be6 6. e4 Nd7 7. f4 exf4 8. Bxf4 Bb4 9. Bg5+ Ngf6 10. Nf3 Bxc3+ 11. bxc3 h6 12. Bxf6+ Nxf6 13. Bd3 Nd7 14. Kf2 Ke7 15. Rhd1 Rad8 16. Be2 Nb6 17. Nd4 c5 18. Nb3 Rc8 19. Na5 Rc7 20. Rab1 Rb8 21. Rb2 Nd7 22. Nb3 Ne5 23. Nd2 Rd8 24. Rdb1 b6 25. a4 Rcd7 26. Ke1 Nd3+ 27. Bxd3 Rxd3 28. a5 Re3+ 29. Kf2 Rxc3 30. axb6 axb6 31. Nf3 Kf6 32. Rxb6 Rxc4 33. Rc6 g5 34. h3 Rc2+ 35. Kg3 Ra8 36. e5+ Kg7 37. Ne1 Rc3+ 38. Kh2 Ra2 39. Rd1 Rxh3+ 40. Kg1 Rc3 41. Rcd6 Re2 42. R6d3 Rxe1+ 0-1

[Event "MNT-ch 73rd"]
[Site "Podgorica"]
[Date "2021.05.10"]
[Round "9"]
[White "Djurovic, Peko"]
[Black "Abramovic, Dragoljub"]
[Result "0-1"]
[WhiteElo "2136"]
[BlackElo "2012"]
[PlyCount "106"]
[EventDate "2021.05.03"]
[EventType "swiss"]
[EventRounds "9"]
[EventCountry "MNE"]
[SourceTitle "CBM 202 Extra"]
[Source "ChessBase"]
[SourceDate "2021.07.31"]
[SourceVersion "1"]
[SourceVersionDate "2021.07.31"]
[SourceQuality "1"]

1. e4 e6 2. d4 d5 3. Nc3 Bb4 4. e5 Qd7 5. Qg4 f5 6. Qg3 b6 7. a3 Bxc3+ 8. bxc3 Ba6 9. Bxa6 Nxa6 10. Qd3 Nb8 11. Nf3 Nc6 12. 0-0 Na5 13. a4 Ne7 14. Re1 Nc4 15. Nd2 Nxd2 16. Bxd2 Nc6 17. c4 0-0 18. cxd5 Qxd5 19. c4 Qxd4 20. Qc2 Rad8 21. Bg5 Qd3 22. Qa2 Nb4 23. Qb2 Nc2 24. Bxd8 Rxd8 25. g3 Nxe1 26. Rxe1 Qxc4 27. Rc1 Qe4 28. Qb5 h6 29. Qc6 Qxe5 30. Qxc7 Rd1+ 31. Kg2 Qe4+ 32. Kh3 Rxc1 33. Qxc1 Qxa4 34. f4 Qd7 35. Qc4 b5 36. Qb4 Kf7 37. Qa5 Qb7 38. Kh4 b4 39. g4 fxg4 40. f5 Qe7+ 41. Kg3 Qd6+ 42. Kxg4 Qd4+ 43. Kh5 Qd1+ 44. Kh4 Qe1+ 45. Kh3 Qe3+ 46. Kg2 Qe4+ 47. Kg3 exf5 48. Qxa7+ Kg6 49. h4 Qg4+ 50. Kh2 Qxh4+ 51. Kg2 Qg4+ 52. Kh1 Kh7 53. Qb6 h5 0-1

[Event "MNT-ch 73rd"]
[Site "Podgorica"]
[Date "2021.05.08"]
[Round "7"]
[White "Vujacic, Igor"]
[Black "Abramovic, Dragoljub"]
[Result "1-0"]
[WhiteElo "2207"]
[BlackElo "2012"]
[PlyCount "143"]
[EventDate "2021.05.03"]
[EventType "swiss"]
[EventRounds "9"]
[EventCountry "MNE"]
[SourceTitle "CBM 202 Extra"]
[Source "ChessBase"]
[SourceDate "2021.07.31"]
[SourceVersion "1"]
[SourceVersionDate "2021.07.31"]
[SourceQuality "1"]

1. e4 e6 2. d4 d5 3. Nc3 Bb4 4. Nge2 dxe4 5. a3 Be7 6. Nxe4 Nf6 7. N2g3 Bd7 8. Nxf6+ Bxf6 9. Nh5 Bc6 10. Be3 Be4 11. Qg4 Bg6 12. Bc4 Nd7 13. 0-0-0 Nb6 14. Bb3 c6 15. h4 Bxh5 16. Qxh5 Nd5 17. g4 g6 18. Qh6 Rg8 19. Bg5 Qe7 20. Bxd5 cxd5 21. f4 0-0-0 22. Qxh7 Kd7 23. Qh6 Rc8 24. Bxf6 Qxf6 25. Qg5 Qg7 26. Qe5 f6 27. Qe2 Rc6 28. Qb5 Kd6 29. Qb4+ Kc7 30. Rd3 Kb8 31. Rc3 Rb6 32. Qc5 Rc6 33. Qa5 Ra6 34. Qb5 f5 35. Qd3 fxg4 36. Rg1 Rf8 37. Rxg4 Rf5 38. Qb5 Qf7 39. Qe2 Ra4 40. Rd3 Rc4 41. c3 Rc7 42. Qe3 Rh5 43. Qg3 Rh6 44. Re3 b6 45. Re5 Qf6 46. Kb1 Kb7 47. Reg5 Rch7 48. Ka2 a5 49. Rxg6 Rxg6 50. Rxg6 Qe7 51. Qg5 Qc7 52. Kb1 Qc4 53. Rxe6 Qd3+ 54. Ka2 Qc4+ 55. b3 Qxc3 56. Qxd5+ Ka7 57. Re2 Rc7 58. Rb2 Qe1 59. Qe5 Qc3 60. d5 Qd3 61. h5 Rc1 62. Qe7+ Ka8 63. Qe8+ Ka7 64. Qe7+ Ka8 65. Qe2 Qd4 66. Rb1 Rc3 67. Rd1 Qc5 68. Rd2 Rc1 69. Qf2 Qc3 70. Rb2 a4 71. Qxb6 Rc2 72. Qc6+ 1-0

[Event "MNT-ch 73rd"]
[Site "Podgorica"]
[Date "2021.05.06"]
[Round "4"]
[White "Petrovic, Slavko"]
[Black "Abramovic, Dragoljub"]
[Result "1-0"]
[WhiteElo "1867"]
[BlackElo "2012"]
[PlyCount "83"]
[EventDate "2021.05.03"]
[EventType "swiss"]
[EventRounds "9"]
[EventCountry "MNE"]
[SourceTitle "CBM 202 Extra"]
[Source "ChessBase"]
[SourceDate "2021.07.31"]
[SourceVersion "1"]
[SourceVersionDate "2021.07.31"]
[SourceQuality "1"]

1. e4 Nc6 2. d4 d5 3. exd5 Qxd5 4. Be3 e5 5. Nc3 Bb4 6. a3 Bxc3+ 7. bxc3 exd4 8. cxd4 Qa5+ 9. Qd2 Qxd2+ 10. Kxd2 Nge7 11. Nf3 Bg4 12. Rb1 Bxf3 13. gxf3 b6 14. Rg1 0-0 15. Bd3 Rad8 16. c3 Kh8 17. Kc2 Rd7 18. a4 Rfd8 19. Bb5 Rd5 20. Rg5 Nf5 21. Rxf5 Nxd4+ 22. cxd4 Rxf5 23. Bc6 Rd6 24. Be4 Ra5 25. Rb4 Kg8 26. Rc4 Rd7 27. Bc6 Re7 28. d5 a6 29. Bd2 b5 30. Bxa5 bxc4 31. Kc3 f5 32. Kxc4 Kf7 33. Bb7 Ke8 34. Bxa6 Kd7 35. Bb7 Re2 36. Bc3 Rxf2 37. a5 Ra2 38. a6 c6 39. dxc6+ Kc7 40. Kb3 Rxa6 41. Bxa6 Kxc6 42. Bxg7 1-0

[Event "MNT-ch 73rd"]
[Site "Podgorica"]
[Date "2021.05.03"]
[Round "1"]
[White "Abramovic, Dragoljub"]
[Black "Kalezic, Blazo"]
[Result "0-1"]
[WhiteElo "2012"]
[BlackElo "2456"]
[PlyCount "74"]
[EventDate "2021.05.03"]
[EventType "swiss"]
[EventRounds "9"]
[EventCountry "MNE"]
[SourceTitle "CBM 202 Extra"]
[Source "ChessBase"]
[SourceDate "2021.07.31"]
[SourceVersion "1"]
[SourceVersionDate "2021.07.31"]
[SourceQuality "1"]

1. Nf3 d5 2. e3 Nf6 3. b3 g6 4. Bb2 Bg7 5. Be2 0-0 6. 0-0 c5 7. Ne5 Nfd7 8. f4 Nxe5 9. Bxe5 Bxe5 10. fxe5 Nc6 11. d4 cxd4 12. exd4 Qb6 13. c3 Nxe5 14. Kh1 Nd7 15. Qe1 Nf6 16. Bd3 Qc7 17. Na3 Be6 18. Qd2 Kg7 19. Rae1 Rfd8 20. Nb1 Rac8 21. Rf4 Rh8 22. Ref1 a6 23. Qf2 Qd8 24. h3 b5 25. g4 g5 26. Rf3 h5 27. Qe3 hxg4 28. Qxg5+ Kf8 29. Re3 Qd6 30. Bf5 Rh5 31. Qxh5 Nxh5 32. Bxe6 Ng3+ 33. Rxg3 Qxe6 34. Rxg4 Ke8 35. Rg3 b4 36. cxb4 Qe4+ 37. Rgf3 Rc1 0-1

[Event "MNT-chT"]
[Site "Podgorica"]
[Date "2020.10.10"]
[Round "2.5"]
[White "Abramovic, Dragoljub"]
[Black "Milovic, Jovan"]
[Result "0-1"]
[WhiteElo "2017"]
[BlackElo "2307"]
[PlyCount "110"]
[EventDate "2020.10.09"]
[EventType "team-tourn"]
[EventRounds "9"]
[EventCountry "MNE"]
[SourceTitle "CBM 198 Extra"]
[Source "ChessBase"]
[SourceDate "2020.11.30"]
[SourceVersion "1"]
[SourceVersionDate "2020.11.30"]
[SourceQuality "1"]
[WhiteTeam "7. Oktobar"]
[BlackTeam "Elektroprivreda"]
[WhiteTeamCountry "MNE"]
[BlackTeamCountry "MNE"]

1. d4 e5 2. dxe5 d6 3. Bf4 Nc6 4. Nf3 Bg4 5. Nbd2 dxe5 6. Nxe5 Nxe5 7. Bxe5 Qe7 8. Bc3 0-0-0 9. f3 Bxf3 10. Nxf3 Rxd1+ 11. Rxd1 Nf6 12. g3 Ng4 13. Bh3 f5 14. Ne5 Qe6 15. e4 Bb4 16. Bxb4 Qxe5 17. 0-0 Qxe4 18. Bc3 Qe3+ 19. Kh1 Nf2+ 20. Rxf2 Qxf2 21. Rf1 Qe2 22. Bxf5+ Kb8 23. Bd3 Qe7 24. Re1 Qf7 25. Kg2 a5 26. Re5 b6 27. Rg5 h5 28. Rxg7 Qd5+ 29. Kh3 Rf8 30. Kh4 Rf2 31. h3 Rh2 32. g4 hxg4 33. Rxg4 Qd8+ 34. Kg3 Qd6+ 35. Rf4 Rxh3+ 36. Kxh3 Qxf4 37. b3 Qf3+ 38. Kh4 a4 39. bxa4 Qc6 40. Bd2 Qxa4+ 41. Kg3 Qxa2 42. Kf2 Qd5 43. Ke3 c5 44. Be1 Qd4+ 45. Kf3 c4 46. Bg3+ Ka7 47. Be4 Ka6 48. Be1 Qd1+ 49. Kf2 Qg4 50. Ke3 Kb5 51. Bc3 Qg3+ 52. Bf3 Ka4 53. Bd4 Qg1+ 54. Ke4 Qg6+ 55. Ke3 Qxc2 0-1

[Event "MNT-ch 71st"]
[Site "Podgorica"]
[Date "2019.05.25"]
[Round "8"]
[White "Musovic, Armin"]
[Black "Abramovic, Dragoljub"]
[Result "1-0"]
[WhiteElo "2297"]
[BlackElo "2063"]
[PlyCount "77"]
[EventDate "2019.05.18"]
[EventType "swiss"]
[EventRounds "9"]
[EventCountry "MNE"]
[SourceTitle "CBM 190 Extra"]
[Source "ChessBase"]
[SourceDate "2019.07.15"]
[SourceVersion "1"]
[SourceVersionDate "2019.07.15"]
[SourceQuality "1"]

1. e4 c6 2. Nc3 d5 3. Nf3 dxe4 4. Nxe4 Bg4 5. h3 Bxf3 6. Qxf3 e6 7. Bc4 Nf6 8. 0-0 Nbd7 9. d4 Nb6 10. Nxf6+ Qxf6 11. Qxf6 gxf6 12. Be2 Rd8 13. Rd1 e5 14. dxe5 Rxd1+ 15. Bxd1 fxe5 16. Be3 Nc4 17. Bxa7 Nxb2 18. Bf3 Ba3 19. Re1 Bd6 20. Rb1 Ba3 21. Be3 c5 22. Bc1 Nc4 23. Bh6 Ke7 24. Rxb7+ Ke6 25. Ra7 Bb2 26. Ra6+ Nd6 27. c4 Rd8 28. Bd5+ Kf6 29. a4 Bc3 30. a5 e4 31. Bxe4 Ke7 32. Ra7+ Kf6 33. Bd5 Be5 34. g3 Rb8 35. Be3 Rb1+ 36. Kg2 Bd4 37. Rd7 Bxe3 38. Rxd6+ Ke7 39. Rb6 1-0

[Event "MNT-ch 71st"]
[Site "Podgorica"]
[Date "2019.05.19"]
[Round "2"]
[White "Rakic, Tijana"]
[Black "Abramovic, Dragoljub"]
[Result "1/2-1/2"]
[WhiteElo "1579"]
[BlackElo "2063"]
[PlyCount "69"]
[EventDate "2019.05.18"]
[EventType "swiss"]
[EventRounds "9"]
[EventCountry "MNE"]
[SourceTitle "CBM 190 Extra"]
[Source "ChessBase"]
[SourceDate "2019.07.15"]
[SourceVersion "1"]
[SourceVersionDate "2019.07.15"]
[SourceQuality "1"]

1. e4 c6 2. d4 d5 3. Nc3 dxe4 4. Nxe4 Bf5 5. Ng3 Bg6 6. h4 h6 7. Nf3 Nd7 8. h5 Bh7 9. Bd3 Bxd3 10. Qxd3 e6 11. 0-0 Ngf6 12. Re1 Bb4 13. c3 Be7 14. c4 0-0 15. Bf4 Re8 16. Rad1 Qa5 17. Ne5 Nxe5 18. dxe5 Rad8 19. Qb3 Ng4 20. Qf3 Rxd1 21. Rxd1 Nxe5 22. Qe2 Bf6 23. b4 Qa4 24. Rd6 Be7 25. Rd4 c5 26. bxc5 Nc6 27. Rd7 e5 28. Be3 Na5 29. Qg4 Qxc4 30. Qxc4 Nxc4 31. Nf5 Bf8 32. Nd6 Bxd6 33. cxd6 a6 34. Rxb7 Nxd6 35. Rb6 1/2-1/2

[Event "MNT-chT 1st League"]
[Site "Podgorica"]
[Date "2018.09.29"]
[Round "5.3"]
[White "Abramovic, Dragoljub"]
[Black "Skenderovic, Ismet"]
[Result "0-1"]
[WhiteElo "2050"]
[BlackElo "1960"]
[PlyCount "84"]
[EventDate "2018.09.07"]
[EventType "team-tourn"]
[EventRounds "9"]
[EventCountry "MNE"]
[SourceTitle "CBM 187 Extra"]
[Source "ChessBase"]
[SourceDate "2018.11.04"]
[SourceVersion "1"]
[SourceVersionDate "2018.11.04"]
[SourceQuality "1"]
[WhiteTeam "Oktober 7th"]
[BlackTeam "Ibar"]
[WhiteTeamCountry "MNE"]
[BlackTeamCountry "MNE"]

1. d4 Nf6 2. Bg5 e6 3. e4 h6 4. Bxf6 Qxf6 5. c3 c5 6. Nf3 cxd4 7. cxd4 Bb4+ 8. Nc3 Nc6 9. Be2 0-0 10. 0-0 b6 11. a3 Bxc3 12. bxc3 Bb7 13. Nd2 Na5 14. f4 Rac8 15. Rc1 Rxc3 16. e5 Qg6 17. Nf3 Rfc8 18. Qd2 Nb3 19. Qxc3 Nxc1 20. Qxc8+ Bxc8 21. Rxc1 Bb7 22. Kf2 Bc6 23. Rc3 Qb1 24. d5 exd5 25. g3 Qb2 26. Rd3 g6 27. h4 a5 28. h5 Kg7 29. Nd4 Bb7 30. hxg6 Kxg6 31. Nf3 Bc6 32. Rd2 Qxa3 33. Bd3+ Kg7 34. Nd4 h5 35. f5 Qc1 36. Ke2 Qg1 37. f6+ Kf8 38. Nf5 h4 39. gxh4 Qh2+ 40. Kd1 Qxe5 41. Kc2 Ba4+ 42. Kc1 Qe1+ 0-1

[Event "EU-ch Amateur U2300"]
[Site "Niksic"]
[Date "2018.06.20"]
[Round "8"]
[White "Lacrosse, Marc"]
[Black "Abramovic, Dragoljub"]
[Result "1-0"]
[WhiteElo "2138"]
[BlackElo "2066"]
[PlyCount "103"]
[EventDate "2018.06.14"]
[EventType "swiss"]
[EventRounds "9"]
[EventCountry "MNE"]
[SourceTitle "CBM 185 Extra"]
[Source "ChessBase"]
[SourceDate "2018.07.29"]
[SourceVersion "1"]
[SourceVersionDate "2018.07.29"]
[SourceQuality "1"]

1. d4 e6 2. c4 Bb4+ 3. Bd2 Qe7 4. g3 Nc6 5. Nf3 Nf6 6. Nc3 0-0 7. Bg2 Bxc3 8. Bxc3 Ne4 9. Rc1 d6 10. d5 Nxc3 11. Rxc3 Nd8 12. dxe6 fxe6 13. 0-0 Bd7 14. Qd2 Bc6 15. Ne1 b6 16. Bxc6 Nxc6 17. f4 Rae8 18. Nf3 Kh8 19. e4 e5 20. f5 Nd4 21. Nxd4 exd4 22. Qxd4 Qxe4 23. Qxe4 Rxe4 24. Rf2 Kg8 25. h3 Rfe8 26. b3 Re3 27. Rxe3 Rxe3 28. Kg2 Kf7 29. Rf3 Re1 30. g4 Kf6 31. Kg3 Re4 32. Kh4 Re2 33. a4 h6 34. Kh5 Re5 35. h4 d5 36. cxd5 Rxd5 37. Re3 Kf7 38. Re6 Rd6 39. Rxd6 cxd6 40. g5 d5 41. Kg4 hxg5 42. hxg5 Ke7 43. Kf4 Kd6 44. b4 d4 45. Ke4 d3 46. Kxd3 Ke5 47. f6 gxf6 48. gxf6 Kxf6 49. Kc4 Ke5 50. Kb5 Kd5 51. Ka6 Kc6 52. b5+ 1-0

[Event "MNT-ch sf"]
[Site "Podgorica"]
[Date "2018.03.16"]
[Round "2"]
[White "Musovic, Armin"]
[Black "Abramovic, Dragoljub"]
[Result "1-0"]
[WhiteElo "2265"]
[BlackElo "2036"]
[PlyCount "43"]
[EventDate "2018.03.15"]
[EventType "swiss"]
[EventRounds "9"]
[EventCountry "MNE"]
[SourceTitle "EXT 2019"]
[Source "ChessBase"]
[SourceDate "2018.10.10"]
[SourceVersion "1"]
[SourceVersionDate "2018.10.10"]
[SourceQuality "1"]

1. e4 c6 2. d4 d5 3. Nd2 dxe4 4. Nxe4 Bf5 5. Ng3 Bg6 6. Nf3 Nd7 7. h4 h6 8. h5 Bh7 9. Bd3 Bxd3 10. Qxd3 Ngf6 11. 0-0 e6 12. Re1 Bd6 13. Nf5 Bf8 14. Bf4 Nxh5 15. Bd6 g6 16. Qc4 Nb6 17. Rxe6+ Kd7 18. Qb3 fxe6 19. Ne5+ Ke8 20. Nf7 Qd7 21. Re1 Bxd6 22. Rxe6+ 1-0